| 000 | 00000nas 2200000zi 4500 |
| 001 | 9.904757 |
| 003 | CaOODSP |
| 005 | 20230907083931 |
| 006 | m go d f |
| 007 | cr ||||||||||| |
| 008 | 211109d19901992oncar p o s f0 b0fre|d |
| 040 | |aCaOODSP|bfre|erda|cCaOODSP |
| 041 | |aeng|afre |
| 043 | |an-cn--- |
| 086 | 1 |aE78-2-PDF |
| 245 | 00|a... annual report, export of military goods from Canada. |
| 246 | 15|aRapport annuel sur l'exportation de marchandises militaires du Canada |
| 264 | 1|a[Ottawa] : |bAffaires extérieures et commerce extérieur Canada, |c1991-1993. |
| 310 | |aAnnuel |
| 336 | |atexte|btxt|2rdacontent/fre |
| 337 | |ainformatique|bc|2rdamedia/fre |
| 338 | |aressource en ligne|bcr|2rdacarrier/fre |
| 362 | 1 |aParaît depuis 1990; ne paraît plus après 1992. |
| 546 | |aTexte en français et en anglais avec page de titre additionnel. |
| 550 | |aPublié par la Direction du contrôle des exportations, Relations commerciales spéciales, |
| 650 | 6|aExportations|xContrôle|zCanada|vStatistiques|vPériodiques. |
| 650 | 6|aMatériel militaire|zCanada|vStatistiques|vPériodiques. |
| 650 | 6|aArmes|zCanada|vStatistiques|vPériodiques. |
| 655 | 7|aStatistiques|2rvmgf |
| 655 | 7|aPériodiques|2rvmgf |
| 710 | 1 |aCanada. |bDirection des contrôles à l'exportation. |
| 775 | 08|t... annual report, export of military goods from Canada.|w(CaOODSP)9.904754 |
| 785 | 00|tExport of military goods from Canada, … annual report. |w(CaOODSP)9.880282 |